00736nam a2200229Ia 450000500170000000800410001704000190005804100120007708200190008910000190010824500570012726000480018430000140023250400320024663000430027865000280032165100190034985000100036894200070037899900160038595201050040120230109152903.0131103s9999 xx 000 0 und d aLoreto College aEnglish a821.4bDRY-DOR aDoren,Mark Van aJohn Drydenb A study of his poetry cMark Van Doren aBloomingtonbIndiana University Pressc1963 ax,299 p.  aIncludes appendix and index a17th century poet - Dryden - Criticism aDryden,John,1631 - 1700 aEnglish Poetry aLCLIB cBK c5899d56378 00102ddc4070aMAINbMAINd2013-11-04l0o821.4 DRY-DOR 13243pB5766r2013-11-04w2013-11-04yBKf